Sistema penal acusatorio y medios de comunicación : (Registro nro. 4706)
[ vista simple ]
| 000 -LEADER | |
|---|---|
| fixed length control field | 01265nam a2200253Ia 4500 |
| 003 - CONTROL NUMBER IDENTIFIER | |
| control field | OSt |
| 005 - DATE AND TIME OF LATEST TRANSACTION | |
| control field | 20200815002426.0 |
| 008 - FIXED-LENGTH DATA ELEMENTS--GENERAL INFORMATION | |
| fixed length control field | 191128s2008 ck gr 000 0 spa d |
| 020 ## - INTERNATIONAL STANDARD BOOK NUMBER | |
| International Standard Book Number | 9789588295831 |
| 040 ## - CATALOGING SOURCE | |
| Original cataloging agency | CO-JMCR |
| Transcribing agency | CO-JMCR |
| 041 0# - LANGUAGE CODE | |
| Language code of text/sound track or separate title | spa |
| 082 04 - DEWEY DECIMAL CLASSIFICATION NUMBER | |
| Classification number | 345.05 / |
| Item number | G785s |
| Edition number | 23 |
| 100 1# - MAIN ENTRY--PERSONAL NAME | |
| Personal name | García Dueñas, Hernando Aníbal, |
| Relator term | autor |
| 9 (RLIN) | 8844 |
| 245 10 - TITLE STATEMENT | |
| Title | Sistema penal acusatorio y medios de comunicación : |
| Remainder of title | la libertad de expresión y el derecho a la información desde la perspectiva de los derechos de las personas en la actuación penal / |
| Statement of responsibility, etc. | Hernando Aníbal García Dueñas |
| 260 ## - PUBLICATION, DISTRIBUTION, ETC. | |
| Place of publication, distribution, etc. | Bogotá : |
| Name of publisher, distributor, etc. | Instituto de Estudios del Ministerio Público, |
| Date of publication, distribution, etc. | 2008 |
| 300 ## - PHYSICAL DESCRIPTION | |
| Extent | 175 páginas ; |
| Dimensions | 17 cm. |
| 490 0# - SERIES STATEMENT | |
| Series statement | Colección pensamiento jurídico ; |
| Volume/sequential designation | 28 |
| 504 ## - BIBLIOGRAPHY, ETC. NOTE | |
| Bibliography, etc. note | Bibliografía: páginas 175-178 |
| 505 0# - FORMATTED CONTENTS NOTE | |
| Formatted contents note | La libertad de expresión y opinión y derecho a la información -- Declaración universal de los derechos humanos y convención americana sobre derechos humanos -- Declaración de chapultepec -- Declaración de principios sobre libertad de expresión |
| 650 14 - SUBJECT ADDED ENTRY--TOPICAL TERM | |
| Topical term or geographic name entry element | Sistema acusatorio |
| Geographic subdivision | Colombia |
| 9 (RLIN) | 8845 |
| 650 14 - SUBJECT ADDED ENTRY--TOPICAL TERM | |
| Topical term or geographic name entry element | Procedimiento penal |
| Geographic subdivision | Colombia |
| 9 (RLIN) | 8846 |
| 650 14 - SUBJECT ADDED ENTRY--TOPICAL TERM | |
| Topical term or geographic name entry element | Administración de justicia penal |
| Geographic subdivision | Colombia |
| 9 (RLIN) | 8819 |
| 942 ## - ADDED ENTRY ELEMENTS (KOHA) | |
| Source of classification or shelving scheme | Dewey Decimal Classification |
| Koha item type | Books |
| Withdrawn status | Lost status | Source of classification or shelving scheme | Damaged status | Not for loan | Collection code | Home library | Current library | Date acquired | Source of acquisition | Full call number | Barcode | Date last seen | Copy number | Koha item type |
|---|---|---|---|---|---|---|---|---|---|---|---|---|---|---|
| Dewey Decimal Classification | Non-fiction | Biblioteca Pública José María del Castillo y Rada | Biblioteca Pública José María del Castillo y Rada | 12/01/2017 | Donación | 345.05 / G785s | 230002353 | 05/16/2024 | Ej.1 | Books |